000 00596nam a2200229Ia 4500
003 OSt
005 20220928104253.0
006 a|||||r|||| 00| 0
007 ta
008 220927b |||||||| |||| 00| 0 eng d
024 _a47077
037 _cTextual
040 _aSDCL
_cSDCL
_beng
041 _2eng
_aeng
082 _aV3:19(zP)'N8, M0
100 _aSmith Dan
_9409871
245 0 _aDefence of the realm in the,1980s
260 _aLondon
_bCroom Helm
_c1980
300 _a276p
_ccm.
942 _hV3:19(zP)'N8, M0
_cTEXL
_2CC
999 _c725442
_d725442